000 01408nam a2200253 i 4500
001 159149
003 ES-MaACL
005 20230906211450.0
008 970605q1887 sp |||| | spa d
040 _aGA
_bspa
_cCCPB | SIC
080 _a821.134.2-34"18"
100 1 _aMathé, Felipe (
_d1850-1910)
_9129727
245 1 0 _aRelatos breves /
_cFelipe Mathé.
260 _aValencia :
_bPascual Aguilar, editor,
_c[1887?] (
_fImprenta de José Ortega)
300 _aXI, 225 p. ;
_c15 cm.
490 1 _aBiblioteca Selecta. Colección de obras de los mejores autores nacionales y extranjeros ;
_v29
505 8 _aContiene: Una fecha y un nombre ; ¡Recuerdos! ; La vida por un beso ; ¡Una víctima inocente! ; Bebé ; A la tercera va la vencida ; Morirse a tiempo ; De lo vivivido a lo pintado ; A fuerza de empujones, en el cielo ; No hay dicha sobre la Tierra ; El quinto, no matar ; Tribulaciones de un marido ; Una historia sencialla
530 _aDisponible en formato digital.
596 _aPascual Aguilar ejerce como editor ca. 1870-1900.
830 0 _aBiblioteca Selecta. Colección de obras de los mejores autores nacionales y extranjeros ;
_v29
_9221914
852 _aES-MaACL
_jT-649-F-1
_z-- Enc. hol. conservando la cub. original
_z-- Enc. en un vol. facticio
856 _uhttp://bdh-rd.bne.es/viewer.vm?id=0000068894&page=1
_zBiblioteca Digital Hispánica
999 _c159149
_d159149